Leicester City League Players Since 2014 - Statistics

General Stats
  • This quiz has been taken 80 times
  • The average score is 188 of 262
Answer Stats
% Correct
2017/18 (Premier League - 9th) Algeria RW 26 Riyad Mahrez 36 12
98%
2016/17 (Premier League - 12th) Algeria RW 25 Riyad Mahrez 36 6
98%
2015/16 (Premier League - 1st) Algeria RW 24 Riyad Mahrez 37 17
98%
2014/15 (Premier League - 14th) Algeria RW 23 Riyad Mahrez 30 4
98%
2023/24 (Championship - 1st) England ST 37 Jamie Vardy 35 18
96%
2022/23 (Premier League - 18th) England ST 35 Jamie Vardy 37 3
96%
2021/22 (Premier League - 8th) England ST 34 Jamie Vardy 25 15
96%
2020/21 (Premier League - 5th) England ST 33 Jamie Vardy 34 15
96%
2019/20 (Premier League - 5th) England ST 32 Jamie Vardy 35 23
96%
2018/19 (Premier League - 9th) England ST 31 Jamie Vardy 34 18
96%
2017/18 (Premier League - 9th) England ST 30 Jamie Vardy 37 20
96%
2016/17 (Premier League - 12th) England ST 29 Jamie Vardy 35 13
96%
2015/16 (Premier League - 1st) England ST 28 Jamie Vardy 36 24
96%
2014/15 (Premier League - 14th) England ST 27 Jamie Vardy 34 5
96%
2016/17 (Premier League - 12th) England CM 26 Danny Drinkwater 29 1
93%
2015/16 (Premier League - 1st) England CM 25 Danny Drinkwater 35 3
93%
2014/15 (Premier League - 14th) England CM 24 Danny Drinkwater 23
93%
2021/22 (Premier League - 8th) Denmark GK 34 Kasper Schmeichel 37
93%
2020/21 (Premier League - 5th) Denmark GK 33 Kasper Schmeichel 38
93%
2019/20 (Premier League - 5th) Denmark GK 32 Kasper Schmeichel 38
93%
2018/19 (Premier League - 9th) Denmark GK 31 Kasper Schmeichel 38
93%
2017/18 (Premier League - 9th) Denmark GK 30 Kasper Schmeichel 33
93%
2016/17 (Premier League - 12th) Denmark GK 29 Kasper Schmeichel 30
93%
2015/16 (Premier League - 1st) Denmark GK 28 Kasper Schmeichel 38
93%
2014/15 (Premier League - 14th) Denmark GK 27 Kasper Schmeichel 24
93%
2015/16 (Premier League - 1st) France DM 24 N'Golo Kante 37 1
93%
2020/21 (Premier League - 5th) Jamaica CB 36 Wes Morgan 3
93%
2019/20 (Premier League - 5th) Jamaica CB 35 Wes Morgan 11
93%
2018/19 (Premier League - 9th) Jamaica CB 34 Wes Morgan 22 3
93%
2017/18 (Premier League - 9th) Jamaica CB 33 Wes Morgan 32
93%
2016/17 (Premier League - 12th) Jamaica CB 32 Wes Morgan 27 1
93%
2015/16 (Premier League - 1st) Jamaica CB 31 Wes Morgan 38 2
93%
2014/15 (Premier League - 14th) Jamaica CB 30 Wes Morgan 37 2
93%
2022/23 (Premier League - 18th) Belgium CM 25 Youri Tielemans 31 3
93%
2021/22 (Premier League - 8th) Belgium CM 24 Youri Tielemans 32 6
93%
2020/21 (Premier League - 5th) Belgium CM 23 Youri Tielemans 38 6
93%
2019/20 (Premier League - 5th) Belgium CM 22 Youri Tielemans 37 3
93%
2018/19 (Premier League - 9th) Belgium CM 21 Youri Tielemans 13 3
93%
2022/23 (Premier League - 18th) England AM 25 James Maddison 30 10
91%
2021/22 (Premier League - 8th) England AM 24 James Maddison 35 12
91%
2020/21 (Premier League - 5th) England AM 23 James Maddison 31 8
91%
2019/20 (Premier League - 5th) England AM 22 James Maddison 31 6
91%
2018/19 (Premier League - 9th) England AM 21 James Maddison 36 7
91%
2018/19 (Premier League - 9th) Japan ST 32 Shinji Okazaki 21
91%
2017/18 (Premier League - 9th) Japan ST 31 Shinji Okazaki 27 6
91%
2016/17 (Premier League - 12th) Japan ST 30 Shinji Okazaki 30 3
91%
2015/16 (Premier League - 1st) Japan ST 29 Shinji Okazaki 36 5
91%
2019/20 (Premier League - 5th) England LB 22 Ben Chilwell 27 3
89%
2018/19 (Premier League - 9th) England LB 21 Ben Chilwell 36
89%
2017/18 (Premier League - 9th) England LB 20 Ben Chilwell 24
89%
2016/17 (Premier League - 12th) England LB 19 Ben Chilwell 12 1
89%
2022/23 (Premier League - 18th) Northern Ireland CB 34 Jonny Evans 13
89%
2021/22 (Premier League - 8th) Northern Ireland CB 33 Jonny Evans 18 1
89%
2020/21 (Premier League - 5th) Northern Ireland CB 32 Jonny Evans 28 2
89%
2019/20 (Premier League - 5th) Northern Ireland CB 31 Jonny Evans 38 1
89%
2018/19 (Premier League - 9th) Northern Ireland CB 30 Jonny Evans 24 1
89%
2023/24 (Championship - 1st) England RM 34 Marc Albrighton 12
89%
2022/23 (Premier League - 18th) England RM 32 Marc Albrighton 6 1
89%
2021/22 (Premier League - 8th) England RM 31 Marc Albrighton 17 1
89%
2020/21 (Premier League - 5th) England RM 30 Marc Albrighton 31 1
89%
2019/20 (Premier League - 5th) England RM 29 Marc Albrighton 20
89%
2018/19 (Premier League - 9th) England RM 28 Marc Albrighton 27 2
89%
2017/18 (Premier League - 9th) England RM 27 Marc Albrighton 34 2
89%
2016/17 (Premier League - 12th) England RM 26 Marc Albrighton 33 2
89%
2015/16 (Premier League - 1st) England RM 25 Marc Albrighton 38 2
89%
2014/15 (Premier League - 14th) England RM 24 Marc Albrighton 18 2
89%
2023/24 (Championship - 1st) Nigeria DM 27 Wilfred Ndidi 32 4
89%
2022/23 (Premier League - 18th) Nigeria DM 25 Wilfred Ndidi 27
89%
2021/22 (Premier League - 8th) Nigeria DM 24 Wilfred Ndidi 19
89%
2020/21 (Premier League - 5th) Nigeria DM 23 Wilfred Ndidi 26 1
89%
2019/20 (Premier League - 5th) Nigeria DM 22 Wilfred Ndidi 32 2
89%
2018/19 (Premier League - 9th) Nigeria DM 21 Wilfred Ndidi 38 2
89%
2017/18 (Premier League - 9th) Nigeria DM 20 Wilfred Ndidi 33
89%
2016/17 (Premier League - 12th) Nigeria DM 19 Wilfred Ndidi 17 2
89%
2020/21 (Premier League - 5th) Austria LB 34 Christian Fuchs 9
87%
2019/20 (Premier League - 5th) Austria LB 33 Christian Fuchs 11
87%
2018/19 (Premier League - 9th) Austria LB 32 Christian Fuchs 3
87%
2017/18 (Premier League - 9th) Austria LB 31 Christian Fuchs 25
87%
2016/17 (Premier League - 12th) Austria LB 30 Christian Fuchs 36 2
87%
2015/16 (Premier League - 1st) Austria LB 29 Christian Fuchs 32
87%
2023/24 (Championship - 1st) Nigeria ST 27 Kelechi Iheanacho 23 5
87%
2022/23 (Premier League - 18th) Nigeria ST 25 Kelechi Iheanacho 28 5
87%
2021/22 (Premier League - 8th) Nigeria ST 24 Kelechi Iheanacho 26 4
87%
2020/21 (Premier League - 5th) Nigeria ST 23 Kelechi Iheanacho 25 12
87%
2019/20 (Premier League - 5th) Nigeria ST 22 Kelechi Iheanacho 20 5
87%
2018/19 (Premier League - 9th) Nigeria ST 21 Kelechi Iheanacho 30 1
87%
2017/18 (Premier League - 9th) Nigeria ST 20 Kelechi Iheanacho 21 3
87%
2023/24 (Championship - 1st) Belgium CB 26 Wout Faes 43 2
87%
2022/23 (Premier League - 18th) Belgium CB 24 Wout Faes 31 1
87%
2023/24 (Championship - 1st) Zambia ST 25 Patson Daka 20 7
85%
2022/23 (Premier League - 18th) Zambia ST 23 Patson Daka 30 4
85%
2021/22 (Premier League - 8th) Zambia ST 22 Patson Daka 23 5
85%
2016/17 (Premier League - 12th) Germany CB 31 Robert Huth 33 2
85%
2015/16 (Premier League - 1st) Germany CB 30 Robert Huth 35 3
85%
2014/15 (Premier League - 14th) Germany CB 29 Robert Huth 14 1
85%
2022/23 (Premier League - 18th) Turkey CB 26 Caglar Soyuncu 7 1
83%
2021/22 (Premier League - 8th) Turkey CB 25 Caglar Soyuncu 28 1
83%
2020/21 (Premier League - 5th) Turkey CB 24 Caglar Soyuncu 23 1
83%
2019/20 (Premier League - 5th) Turkey CB 23 Caglar Soyuncu 34 1
83%
2018/19 (Premier League - 9th) Turkey CB 22 Caglar Soyuncu 6
83%
2018/19 (Premier League - 9th) England RB 31 Danny Simpson 6
83%
2017/18 (Premier League - 9th) England RB 30 Danny Simpson 28
83%
2016/17 (Premier League - 12th) England RB 29 Danny Simpson 35
83%
2015/16 (Premier League - 1st) England RB 28 Danny Simpson 30
83%
2014/15 (Premier League - 14th) England RB 27 Danny Simpson 14
83%
2018/19 (Premier League - 9th) England CB 25 Harry Maguire 31 3
83%
2017/18 (Premier League - 9th) England CB 24 Harry Maguire 38 2
83%
2022/23 (Premier League - 18th) England LW 24 Harvey Barnes 34 13
81%
2021/22 (Premier League - 8th) England LW 23 Harvey Barnes 32 6
81%
2020/21 (Premier League - 5th) England LW 22 Harvey Barnes 25 9
81%
2019/20 (Premier League - 5th) England LW 21 Harvey Barnes 36 6
81%
2018/19 (Premier League - 9th) England LW 20 Harvey Barnes 16 1
81%
2017/18 (Premier League - 9th) England LW 19 Harvey Barnes 3
81%
2022/23 (Premier League - 18th) Spain LW 28 Ayoze Perez 8
80%
2021/22 (Premier League - 8th) Spain LW 27 Ayoze Perez 14 2
80%
2020/21 (Premier League - 5th) Spain LW 26 Ayoze Perez 25 2
80%
2019/20 (Premier League - 5th) Spain LW 25 Ayoze Perez 33 8
80%
2022/23 (Premier League - 18th) Wales GK 29 Danny Ward 26
80%
2021/22 (Premier League - 8th) Wales GK 28 Danny Ward 1
80%
2020/21 (Premier League - 5th) Jamaica LW 24 Demarai Gray 1
80%
2019/20 (Premier League - 5th) Jamaica LW 23 Demarai Gray 21 2
80%
2018/19 (Premier League - 9th) Jamaica LW 22 Demarai Gray 34 4
80%
2017/18 (Premier League - 9th) Jamaica LW 21 Demarai Gray 35 3
80%
2016/17 (Premier League - 12th) Jamaica LW 20 Demarai Gray 30 1
80%
2015/16 (Premier League - 1st) Jamaica LW 19 Demarai Gray 12
80%
2020/21 (Premier League - 5th) Algeria ST 32 Islam Slimani 1
80%
2017/18 (Premier League - 9th) Algeria ST 29 Islam Slimani 12 1
80%
2016/17 (Premier League - 12th) Algeria ST 28 Islam Slimani 23 7
80%
2023/24 (Championship - 1st) Portugal RB 30 Ricardo Pereira 39 3
80%
2022/23 (Premier League - 18th) Portugal RB 28 Ricardo Pereira 10 1
80%
2021/22 (Premier League - 8th) Portugal RB 27 Ricardo Pereira 14 1
80%
2020/21 (Premier League - 5th) Portugal RB 26 Ricardo Pereira 15
80%
2019/20 (Premier League - 5th) Portugal RB 25 Ricardo Pereira 28 3
80%
2018/19 (Premier League - 9th) Portugal RB 24 Ricardo Pereira 35 2
80%
2017/18 (Premier League - 9th) Argentina ST 30 Leonardo Ulloa 4
78%
2016/17 (Premier League - 12th) Argentina ST 29 Leonardo Ulloa 16 1
78%
2015/16 (Premier League - 1st) Argentina ST 28 Leonardo Ulloa 29 6
78%
2014/15 (Premier League - 14th) Argentina ST 27 Leonardo Ulloa 37 11
78%
2017/18 (Premier League - 9th) Wales CM 28 Andy King 11 1
76%
2016/17 (Premier League - 12th) Wales CM 27 Andy King 23 1
76%
2015/16 (Premier League - 1st) Wales CM 26 Andy King 25 2
76%
2014/15 (Premier League - 14th) Wales CM 25 Andy King 24 2
76%
2023/24 (Championship - 1st) England RB 26 James Justin 39 2
76%
2022/23 (Premier League - 18th) England RB 24 James Justin 14
76%
2021/22 (Premier League - 8th) England RB 23 James Justin 13
76%
2020/21 (Premier League - 5th) England RB 22 James Justin 23 2
76%
2019/20 (Premier League - 5th) England RB 21 James Justin 13
76%
2023/24 (Championship - 1st) Denmark CB 31 Jannik Vestergaard 42 2
76%
2021/22 (Premier League - 8th) Denmark CB 28 Jannik Vestergaard 10
76%
2023/24 (Championship - 1st) England CM 25 Kiernan Dewsbury-Hall 44 12
76%
2022/23 (Premier League - 18th) England CM 23 Kiernan Dewsbury-Hall 31 2
76%
2021/22 (Premier League - 8th) England CM 22 Kiernan Dewsbury-Hall 28 1
76%
2022/23 (Premier League - 18th) Belgium RB 26 Timothy Castagne 37 2
76%
2021/22 (Premier League - 8th) Belgium RB 25 Timothy Castagne 27 1
76%
2020/21 (Premier League - 5th) Belgium RB 24 Timothy Castagne 27 2
76%
2022/23 (Premier League - 18th) France CB 21 Wesley Fofana 2
76%
2021/22 (Premier League - 8th) France CB 20 Wesley Fofana 7
76%
2020/21 (Premier League - 5th) France CB 19 Wesley Fofana 28
76%
2022/23 (Premier League - 18th) Ghana CB 27 Daniel Amartey 20
74%
2021/22 (Premier League - 8th) Ghana CB 26 Daniel Amartey 28
74%
2020/21 (Premier League - 5th) Ghana CB 25 Daniel Amartey 12 1
74%
2018/19 (Premier League - 9th) Ghana CB 23 Daniel Amartey 9
74%
2017/18 (Premier League - 9th) Ghana CB 22 Daniel Amartey 8
74%
2016/17 (Premier League - 12th) Ghana CB 21 Daniel Amartey 24 1
74%
2015/16 (Premier League - 1st) Ghana CB 20 Daniel Amartey 5
74%
2023/24 (Championship - 1st) England DM 28 Harry Winks 45 2
74%
2014/15 (Premier League - 14th) Argentina DM 33 Esteban Cambiasso 31 5
70%
2022/23 (Premier League - 18th) Senegal DM 30 Nampalys Mendy 19 1
70%
2021/22 (Premier League - 8th) Senegal DM 29 Nampalys Mendy 14
70%
2020/21 (Premier League - 5th) Senegal DM 28 Nampalys Mendy 23
70%
2019/20 (Premier League - 5th) Senegal DM 27 Nampalys Mendy 7
70%
2018/19 (Premier League - 9th) Senegal DM 26 Nampalys Mendy 31
70%
2016/17 (Premier League - 12th) Senegal DM 24 Nampalys Mendy 4
70%
2023/24 (Championship - 1st) Belgium CM 30 Dennis Praet 17
69%
2022/23 (Premier League - 18th) Belgium CM 28 Dennis Praet 22 1
69%
2020/21 (Premier League - 5th) Belgium CM 26 Dennis Praet 15 1
69%
2019/20 (Premier League - 5th) Belgium CM 25 Dennis Praet 27 1
69%
2022/23 (Premier League - 18th) France DM 23 Boubakary Soumare 26
67%
2021/22 (Premier League - 8th) France DM 22 Boubakary Soumare 19
67%
2014/15 (Premier League - 14th) New Zealand ST 22 Chris Wood 7 1
67%
2023/24 (Championship - 1st) Denmark GK 23 Mads Hermansen 44
67%
2015/16 (Premier League - 1st) Croatia ST 24 Andrej Kramaric 2
65%
2014/15 (Premier League - 14th) Croatia ST 23 Andrej Kramaric 13 2
65%
2023/24 (Championship - 1st) Australia CB 25 Harry Souttar 3
65%
2022/23 (Premier League - 18th) Australia CB 23 Harry Souttar 12
65%
2018/19 (Premier League - 9th) Portugal CM 29 Adrien Silva 2
63%
2017/18 (Premier League - 9th) Portugal CM 28 Adrien Silva 12
63%
2020/21 (Premier League - 5th) Turkey RW 22 Cengiz Under 9
63%
2015/16 (Premier League - 1st) Switzerland DM 31 Gokhan Inler 5
63%
2016/17 (Premier League - 12th) Ghana LM 23 Jeffrey Schlupp 4
63%
2015/16 (Premier League - 1st) Ghana LM 22 Jeffrey Schlupp 24 1
63%
2014/15 (Premier League - 14th) Ghana LM 21 Jeffrey Schlupp 32 3
63%
2019/20 (Premier League - 5th) England CM 27 Matty James 1
63%
2017/18 (Premier League - 9th) England CM 25 Matty James 13
63%
2016/17 (Premier League - 12th) England CM 24 Matty James 1
63%
2014/15 (Premier League - 14th) England CM 22 Matty James 27
63%
2018/19 (Premier League - 9th) Spain DM 30 Vicente Iborra 8
63%
2017/18 (Premier League - 9th) Spain DM 29 Vicente Iborra 19 3
63%
2022/23 (Premier League - 18th) England LB 21 Luke Thomas 17
61%
2021/22 (Premier League - 8th) England LB 20 Luke Thomas 22
61%
2020/21 (Premier League - 5th) England LB 19 Luke Thomas 14 1
61%
2019/20 (Premier League - 5th) England LB 18 Luke Thomas 3
61%
2015/16 (Premier League - 1st) Belgium RB 26 Ritchie De Laet 12 1
61%
2014/15 (Premier League - 14th) Belgium RB 25 Ritchie De Laet 26
61%
2023/24 (Championship - 1st) England LW 25 Stephy Mavididi 46 12
61%
2016/17 (Premier League - 12th) Nigeria LW 23 Ahmed Musa 21 2
57%
2016/17 (Premier League - 12th) Poland CB 36 Marcin Wasilewski 1
57%
2015/16 (Premier League - 1st) Poland CB 35 Marcin Wasilewski 4
57%
2014/15 (Premier League - 14th) Poland CB 34 Marcin Wasilewski 25 1
57%
2022/23 (Premier League - 18th) Denmark GK 24 Daniel Iversen 12
56%
2023/24 (Championship - 1st) Ghana RW 20 Issahaku Fatawu 40 6
56%
2018/19 (Premier League - 9th) Algeria RW 26 Rachid Ghezzal 19 1
56%
2022/23 (Premier League - 18th) Brazil RW 22 Tete 13 1
56%
2017/18 (Premier League - 9th) Tunisia CB 30 Yohan Benalouane 1
54%
2016/17 (Premier League - 12th) Tunisia CB 29 Yohan Benalouane 11
54%
2015/16 (Premier League - 1st) Tunisia CB 28 Yohan Benalouane 4
54%
2023/24 (Championship - 1st) Italy CM 21 Cesare Casadei 22 2
52%
2023/24 (Championship - 1st) England DM 26 Hamza Choudhury 34
52%
2021/22 (Premier League - 8th) England DM 23 Hamza Choudhury 6
52%
2020/21 (Premier League - 5th) England DM 22 Hamza Choudhury 10
52%
2019/20 (Premier League - 5th) England DM 21 Hamza Choudhury 20 1
52%
2018/19 (Premier League - 9th) England DM 20 Hamza Choudhury 9
52%
2017/18 (Premier League - 9th) England DM 19 Hamza Choudhury 8
52%
2014/15 (Premier League - 14th) Australia GK 41 Mark Schwarzer 6
52%
2022/23 (Premier League - 18th) Denmark LB 19 Victor Kristiansen 12
52%
2016/17 (Premier League - 12th) Germany GK 27 Ron-Robert Zieler 9
50%
2023/24 (Championship - 1st) England CB 31 Conor Coady 12
46%
2014/15 (Premier League - 14th) England ST 29 David Nugent 29 5
46%
2023/24 (Championship - 1st) England RW 22 Kasey McAteer 23 6
44%
2021/22 (Premier League - 8th) England RW 19 Kasey McAteer 1
44%
2015/16 (Premier League - 1st) England RW 27 Nathan Dyer 12 1
43%
2023/24 (Championship - 1st) Ireland ST 21 Tom Cannon 13 2
43%
2021/22 (Premier League - 8th) Nigeria SS 23 Ademola Lookman 26 6
41%
2017/18 (Premier League - 9th) Switzerland GK 32 Eldin Jakupovic 2
41%
2023/24 (Championship - 1st) Poland GK 23 Jakub Stolarczyk 2
41%
2014/15 (Premier League - 14th) England LB 33 Paul Konchesky 26 1
33%
2023/24 (Championship - 1st) Turkey RW 23 Yunus Akgun 23 1
33%
2023/24 (Championship - 1st) England CB 20 Ben Nelson 5 1
31%
2023/24 (Championship - 1st) England CB 20 Callum Doyle 17
31%
2021/22 (Premier League - 8th) England LB 31 Ryan Bertrand 4
31%
2017/18 (Premier League - 9th) Austria CB 26 Aleksandar Dragovic 11
30%
2014/15 (Premier League - 14th) France RW 22 Anthony Knockaert 9
30%
2016/17 (Premier League - 12th) Spain CB 27 Luis Hernandez 4
30%
2018/19 (Premier League - 9th) Mali RW 22 Fousseni Diabate 1
28%
2017/18 (Premier League - 9th) Mali RW 21 Fousseni Diabate 14
28%
2017/18 (Premier League - 9th) England GK 29 Ben Hamer 4
24%
2014/15 (Premier League - 14th) England GK 26 Ben Hamer 8
24%
2023/24 (Championship - 1st) Portugal RW 21 Wanya Marcal 3 1
24%
2014/15 (Premier League - 14th) England CM 31 Dean Hammond 12
20%
2014/15 (Premier League - 14th) Jamaica CB 21 Liam Moore 11
20%
2015/16 (Premier League - 1st) England LW 20 Joseph Dodoo 1
19%
2020/21 (Premier League - 5th) Portugal CM 18 Sidnei Tavares 2
19%
2019/20 (Premier League - 5th) England ST 20 George Hirst 2
17%
2020/21 (Premier League - 5th) South Africa CM 20 Khanya Leshabela 1
15%
2022/23 (Premier League - 18th) England CB 21 Lewis Brunt 1
15%
2021/22 (Premier League - 8th) England CB 20 Lewis Brunt 1
15%
2019/20 (Premier League - 5th) England CB 29 Ryan Bennett 5
15%
2014/15 (Premier League - 14th) Wales LW 20 Tom Lawrence 3
15%
2014/15 (Premier League - 14th) England RW 33 Gary Taylor-Fletcher 1
13%
2014/15 (Premier League - 14th) England CB 35 Matthew Upson 5
13%
2014/15 (Premier League - 14th) England AM 20 Nick Powell 3
11%
2023/24 (Championship - 1st) England CM 21 Arjan Raikhy 1
9%
No matching quizzes found
Score Distribution
Percent of People with Each Score
Percentile by Number Answered
Your Score History
You have not taken this quiz